Teachers, Schools, and Society

Kaydedildi:
Detaylı Bibliyografya
Yazar: Sadker, Myra Pollack
Materyal Türü: Kitap
Baskı/Yayın Bilgisi: McGraw-Hill Higher Education 2000
Etiketler: Etiketle
Etiket eklenmemiş, İlk siz ekleyin!
Thư viện lưu trữ: Mạng thư viện Đại học Đà Nẵng
LEADER 00589nam a2200229 a 4500
001 000029833
003 14267
005 20171030145630.0
008 171030s2000
040 |a LTT 
082 0 |a 371.1  |b SA-M 
100 1 |a Sadker, Myra Pollack 
245 0 0 |a Teachers, Schools, and Society  |c Myra Pollack Sadker, David Miller Sadker . 
260 |b McGraw-Hill Higher Education  |c 2000 
500 |a ASIA 
OWN |a LTT 
999 |a From the UDN01 
TYP |a Monograph 
TYP |a Printed language 
980 |a Mạng thư viện Đại học Đà Nẵng